000 00345nam a2200157Ia 4500
003 OSt
005 20240412150700.0
008 170524s9999 xx 000 0 und d
020 _a978-0136156734
040 _ciimtu
100 _aOgatakatsuhiko
245 0 _aModern Control Engineering
260 _bWiley
260 _c2006
942 _2ddc
_c02
999 _c5608
_d5608